000 00388nam a2200157 i 4500
001 bgj
100 1 _aSHAW, Bernard
245 1 0 _aThe Complete Plays of Bernard Shaw /
_cBernard Shaw.
260 _aLondon :
_bPaul Hamlyn,
_c1965.
300 _a1404 pp ;
_c25.
650 9 _aEnglish drama
040 _cBPK
041 0 _aeng
942 _cKS
008 s uk f |000 0 eng
999 _c48771
_d48771
856 _uhttp://koha.tu.koszalin.pl/cgi-bin/koha/opac-detail.pl?biblionumber=48771
_yKatalog online BPK